[Event "EU-chT 15th"]
[Site "Gothenburg"]
[Date "2005.07.31"]
[Round "2"]
[White "Graf, Alexander"]
[Black "Wells, Peter K"]
[Result "1-0"]
[WhiteElo "2605"]
[BlackElo "2529"]
[PlyCount "137"]
[EventDate "2005.07.30"]
[EventType "team"]
[EventRounds "9"]
[EventCountry "SWE"]
[Source "ChessBase"]
[SourceDate "2005.09.06"]

1. d4 Nf6 2. c4 e6 3. Nc3 Bb4 4. e3 O-O 5. Nge2 Re8 6. a3 Bf8 7. g3 d5 8. Bg2
dxc4 9. Qa4 Nbd7 10. Qxc4 e5 11. O-O exd4 12. Qxd4 Nc5 13. b4 Nb3 14. Qxd8 Rxd8
15. Rb1 Nxc1 16. Rfxc1 a5 17. Nd4 c6 18. h3 h5 19. Rd1 axb4 20. axb4 Ra3 21.
Rdc1 g6 22. b5 cxb5 23. Rxb5 Bh6 24. Nd5 Nxd5 25. Rxd5 Rf8 26. Rdc5 Bd7 27. Rc7
Rd8 28. R1c5 Be8 29. Rc8 Ra8 30. Rxa8 Rxa8 31. Bxb7 Ra1+ 32. Kg2 Kf8 33. Rc8
Ke7 34. Bc6 Bxc6+ 35. Rxc6 Bg7 36. Nf3 Ra5 37. Nd2 Kd7 38. Rb6 Rc5 39. Ne4 Rc7
40. f4 Ke7 41. Kf3 Rd7 42. g4 hxg4+ 43. hxg4 Rd1 44. Ng5 Rd7 45. Ra6 Rb7 46.
Ne4 Rc7 47. Nd6 Bb2 48. Ke4 Rc5 49. Rb6 Bc1 50. f5 gxf5+ 51. Nxf5+ Kd7 52. Kd4
Rc7 53. Kd5 Ba3 54. Rb5 Ra7 55. Nd4 Rc7 56. e4 Ke7 57. e5 Rd7+ 58. Ke4 Rc7 59.
Nf5+ Ke6 60. Rb6+ Kd7 61. Ra6 Bb4 62. Ne3 Rb7 63. Kf5 Rb5 64. Ke4 Bf8 65. Nd5
Rc5 66. Ra7+ Kc6 67. Rxf7 Rc4+ 68. Kf5 Ba3 69. Nf6 1-0

[Event "EU-chT 15th"]
[Site "Gothenburg"]
[Date "2005.08.03"]
[Round "5"]
[White "Graf, Alexander"]
[Black "Moiseenko, Alexander"]
[Result "1/2-1/2"]
[WhiteElo "2605"]
[BlackElo "2664"]
[PlyCount "135"]
[EventDate "2005.07.30"]
[EventType "team"]
[EventRounds "9"]
[EventCountry "SWE"]
[Source "ChessBase"]
[SourceDate "2005.09.06"]

1. d4 Nf6 2. c4 e6 3. Nc3 Bb4 4. e3 O-O 5. Bd3 d5 6. Nf3 c5 7. O-O Nc6 8. a3
Bxc3 9. bxc3 Qc7 10. a4 dxc4 11. Bxc4 Rd8 12. Ba3 cxd4 13. cxd4 Nxd4 14. Nxd4
Qxc4 15. Rc1 Qd5 16. Be7 Rd7 17. Bxf6 gxf6 18. f4 b6 19. Qg4+ Kf8 20. f5 e5 21.
Nc6 Bb7 22. e4 Qd2 23. Kh1 Bxc6 24. Rxc6 Rad8 25. a5 Qd1 26. Qxd1 Rxd1 27. Kg1
R8d6 28. Rxd1 Rxc6 29. Rd7 bxa5 30. Rxa7 Rc4 31. Rxa5 Rxe4 32. g3 Re2 33. h4
Rd2 34. Ra6 Kg7 35. Kf1 Rb2 36. Rc6 Ra2 37. Rb6 e4 38. Rb4 e3 39. Re4 Rf2+ 40.
Kg1 Rxf5 41. Rxe3 Re5 42. Ra3 Re2 43. Kf1 Rb2 44. Ra5 Kg6 45. Rc5 f5 46. Rc6+
Kh5 47. Rc4 Rd2 48. Ra4 Kg6 49. Ra6+ f6 50. Ra4 h6 51. Rb4 Kf7 52. Rb7+ Kg6 53.
Rb4 h5 54. Ra4 Kf7 55. Ra7+ Ke6 56. Rh7 f4 57. gxf4 Kf5 58. Rxh5+ Kxf4 59. Ra5
f5 60. h5 Rh2 61. Kg1 Rxh5 62. Ra4+ Kg3 63. Ra3+ Kg4 64. Ra4+ f4 65. Ra3 Rc5
66. Rb3 Rc2 67. Ra3 f3 68. Ra8 1/2-1/2

[Event "American Continental 3rd"]
[Site "Buenos Aires"]
[Date "2005.08.12"]
[Round "7"]
[White "Granda Zuniga, Julio E"]
[Black "Onischuk, Alexander"]
[Result "1/2-1/2"]
[WhiteElo "2601"]
[BlackElo "2628"]
[PlyCount "108"]
[EventDate "2005.08.06"]
[EventType "swiss"]
[EventRounds "11"]
[EventCountry "ARG"]
[Source "ChessBase"]
[SourceDate "2005.09.06"]

1. d4 Nf6 2. c4 e6 3. Nc3 Bb4 4. e3 O-O 5. Nge2 d5 6. a3 Be7 7. cxd5 exd5 8. b4
c6 9. Nf4 Bd6 10. Nd3 Bf5 11. Be2 Nbd7 12. O-O Qe7 13. Nc5 Nb6 14. Bd2 Nc4 15.
Bxc4 dxc4 16. e4 Bxc5 17. dxc5 Nxe4 18. Re1 Nxc3 19. Bxc3 Qg5 20. Qd4 Be6 21.
Re5 Qg6 22. Qh4 f5 23. Rae1 Bd5 24. Qg3 Qxg3 25. hxg3 h6 26. Re7 Rf7 27. f3 Rd8
28. Re8+ Rxe8 29. Rxe8+ Kh7 30. Rd8 Re7 31. Kf2 Be6 32. a4 Kg6 33. Bd4 Kf7 34.
Bc3 Bd7 35. Bb2 Be6 36. Bc3 g5 37. Rd6 Re8 38. a5 a6 39. Bd2 Re7 40. Rd8 Rd7
41. Rxd7+ Bxd7 42. Ke3 Be6 43. Kd4 Kf6 44. Bc3 Bd5 45. Ke3+ Ke6 46. Be1 h5 47.
Bd2 Kf6 48. Bc3+ Kg6 49. Be1 Kh6 50. Kd4 g4 51. f4 Kg6 52. Bf2 Kf6 53. Be1 Ke6
54. Bf2 Be4 1/2-1/2

[Event "Stork Young Masters op"]
[Site "Hengelo"]
[Date "2005.08.11"]
[Round "7"]
[White "Belov, Vladimir"]
[Black "Nyback, Tomi"]
[Result "1/2-1/2"]
[WhiteElo "2596"]
[BlackElo "2571"]
[PlyCount "110"]
[EventDate "2005.08.08"]
[EventType "swiss"]
[EventRounds "9"]
[EventCountry "NED"]
[Source "ChessBase"]
[SourceDate "2005.09.02"]

1. d4 Nf6 2. c4 e6 3. Nc3 Bb4 4. e3 d5 5. a3 Bxc3+ 6. bxc3 O-O 7. cxd5 exd5 8.
Bd3 Re8 9. Ne2 b6 10. O-O c5 11. f3 Ba6 12. Bxa6 Nxa6 13. Ng3 Nc7 14. Ra2 Nb5
15. Qd3 Qd7 16. Re2 cxd4 17. cxd4 Rac8 18. Bb2 Qc6 19. Rc1 Qd7 20. Rce1 Qc6 21.
e4 Qc4 22. Qd1 dxe4 23. fxe4 Nc3 24. Bxc3 Qxc3 25. Re3 Qc2 26. Qf3 Qd2 27. e5
Rc1 28. Rxc1 Qxc1+ 29. Nf1 Nd7 30. Qb7 Nf8 31. Qxa7 Qb2 32. Qa4 Rd8 33. Rd3 Ne6
34. d5 Nc5 35. Qh4 Rd7 36. Rd4 Qxa3 37. Qg4 g6 38. Qf4 Qa1 39. Rd2 Re7 40. d6
Re8 41. Rf2 Qa7 42. Rf3 Ne6 43. Qe3 Nf8 44. Qf4 b5+ 45. Kh1 Ne6 46. Qc1 Qc5 47.
Qe1 Nf8 48. Re3 Nd7 49. e6 fxe6 50. Rxe6 Rf8 51. Ng3 Qd5 52. h3 Nc5 53. Re5
Qxd6 54. Qe3 Rc8 55. Re8+ Rxe8 1/2-1/2

[Event "Abu Dhabi op 15th"]
[Site "Abu Dhabi"]
[Date "2005.08.20"]
[Round "6"]
[White "Potkin, Vladimir"]
[Black "Bocharov, Dmitry"]
[Result "1/2-1/2"]
[WhiteElo "2534"]
[BlackElo "2574"]
[PlyCount "41"]
[EventDate "2005.08.14"]
[EventType "swiss"]
[EventRounds "9"]
[EventCountry "UAE"]
[Source "ChessBase"]
[SourceDate "2005.09.02"]

1. d4 Nf6 2. c4 e6 3. Nc3 Bb4 4. e3 b6 5. Nge2 Ba6 6. a3 Bxc3+ 7. Nxc3 d5 8.
Qf3 c6 9. b3 O-O 10. Bb2 Re8 11. Be2 Nbd7 12. O-O Rc8 13. Rfd1 Qe7 14. Rac1 h6
15. Bf1 dxc4 16. bxc4 e5 17. Ne4 exd4 18. Nxf6+ Qxf6 19. Qxf6 Nxf6 20. exd4 b5
21. d5 1/2-1/2

[Event "Abu Dhabi op 15th"]
[Site "Abu Dhabi"]
[Date "2005.08.23"]
[Round "9"]
[White "Potkin, Vladimir"]
[Black "Aleksandrov, Aleksej"]
[Result "1/2-1/2"]
[WhiteElo "2534"]
[BlackElo "2630"]
[PlyCount "43"]
[EventDate "2005.08.14"]
[EventType "swiss"]
[EventRounds "9"]
[EventCountry "UAE"]
[Source "ChessBase"]
[SourceDate "2005.09.02"]

1. d4 Nf6 2. c4 e6 3. Nc3 Bb4 4. e3 O-O 5. Bd3 d5 6. Nf3 c5 7. O-O dxc4 8. Bxc4
Nbd7 9. a3 cxd4 10. axb4 dxc3 11. bxc3 Qc7 12. Be2 Qxc3 13. Rb1 Qc7 14. Bb2 a6
15. Rc1 Qb6 16. Nd2 Nd5 17. Nc4 Qd8 18. Qd4 N7f6 19. Bf3 Bd7 20. Bxd5 exd5 21.
Nb6 Bb5 22. Rfd1 1/2-1/2

[Event "Polanica Zdroj op-A 41st"]
[Site "Polanica Zdroj"]
[Date "2005.08.27"]
[Round "9"]
[White "Kveinys, Aloyzas"]
[Black "Jakubiec, Artur"]
[Result "1/2-1/2"]
[WhiteElo "2510"]
[BlackElo "2538"]
[PlyCount "113"]
[EventDate "2005.08.19"]
[EventType "swiss"]
[EventRounds "10"]
[EventCountry "POL"]
[Source "ChessBase"]
[SourceDate "2005.11.04"]

1. d4 Nf6 2. c4 e6 3. Nc3 Bb4 4. e3 c5 5. Bd3 cxd4 6. exd4 d5 7. Nf3 dxc4 8.
Bxc4 O-O 9. O-O b6 10. Bg5 Bb7 11. Rc1 Nc6 12. a3 Be7 13. Re1 Nd5 14. Bd2 Bf6
15. Bxd5 exd5 16. Bf4 Rc8 17. Qd3 Qd7 18. Bg5 Bxg5 19. Nxg5 g6 20. Re3 Rfe8 21.
Rce1 Na5 22. Qe2 Rxe3 23. Qxe3 Nc4 24. Qe7 Qxe7 25. Rxe7 Nxb2 26. Rxb7 Rxc3 27.
h4 Rc4 28. Nxf7 Rxd4 29. Nh6+ Kf8 30. g4 Rd1+ 31. Kg2 d4 32. f4 d3 33. f5 gxf5
34. gxf5 Rg1+ 35. Kxg1 d2 36. Rd7 d1=Q+ 37. Rxd1 Nxd1 38. f6 b5 39. Kf1 Nc3 40.
Kf2 Nb1 41. Ke3 Nxa3 42. Kd4 a5 43. Ng4 Nc4 44. Nf2 Kf7 45. Ne4 h6 46. Kc5 Na3
47. Kb6 b4 48. Nc5 Kxf6 49. Kxa5 Nc2 50. Ka4 Kf5 51. Kb3 Ne3 52. Kxb4 Ng2 53.
Kc3 Nxh4 54. Kd3 Ng6 55. Ke3 h5 56. Kf3 h4 57. Nd3 1/2-1/2

[Event "Kuala Lumpur op"]
[Site "Kuala Lumpur"]
[Date "2005.08.24"]
[Round "8"]
[White "Dao Thien Hai"]
[Black "Juswanto, Denny"]
[Result "1-0"]
[WhiteElo "2601"]
[BlackElo "2509"]
[PlyCount "95"]
[EventDate "2005.08.20"]
[EventType "swiss"]
[EventRounds "11"]
[EventCountry "MAS"]
[Source "ChessBase"]
[SourceDate "2005.11.04"]

1. d4 Nf6 2. c4 e6 3. Nc3 Bb4 4. e3 b6 5. Nge2 Bb7 6. a3 Bxc3+ 7. Nxc3 d5 8. f3
O-O 9. Bd3 c5 10. O-O cxd4 11. exd4 dxc4 12. Bxc4 Nd5 13. Ba2 Nxc3 14. bxc3 Nd7
15. Qe2 Rc8 16. Bb2 Qg5 17. c4 Rfd8 18. f4 Qg6 19. Bb1 f5 20. a4 Re8 21. Bd3 a5
22. Ra3 h5 23. Re1 h4 24. h3 Bc6 25. Qf2 Nf6 26. Bf1 Qh6 27. d5 exd5 28. Rxe8+
Rxe8 29. Qxb6 Re6 30. Qxa5 Kh7 31. Rd3 Qxf4 32. cxd5 Nxd5 33. Rxd5 Qe3+ 34. Kh1
Qf2 35. Rxf5 Qxb2 36. Qd8 Rh6 37. Rf8 Qc1 38. Kh2 Qe3 39. Bd3+ Be4 40. Rh8+ Kg6
41. Rxh6+ gxh6 42. Qe8+ Kf5 43. Qxe4+ Qxe4 44. Bxe4+ Kxe4 45. Kg1 Kd4 46. Kf2
Kc4 47. Kf3 Kb4 48. Kg4 1-0

[Event "Nordic-ch"]
[Site "Vammala"]
[Date "2005.08.25"]
[Round "2"]
[White "Hillarp Persson, Tiger"]
[Black "Nyback, Tomi"]
[Result "1-0"]
[WhiteElo "2511"]
[BlackElo "2571"]
[PlyCount "83"]
[EventDate "2005.08.24"]
[EventType "tourn"]
[EventRounds "11"]
[EventCountry "FIN"]
[EventCategory "7"]
[Source "ChessBase"]
[SourceDate "2005.11.04"]

1. d4 Nf6 2. c4 e6 3. Nc3 Bb4 4. e3 b6 5. Bd3 Bb7 6. Nf3 O-O 7. O-O c5 8. Na4
cxd4 9. exd4 Be7 10. a3 d6 11. b4 Nbd7 12. Re1 Rc8 13. Bf1 Re8 14. Be3 Rc7 15.
Rc1 Qa8 16. Nd2 Bf8 17. Nc3 a6 18. h3 Rcc8 19. Qb3 Bc6 20. Qb1 Qb8 21. Nde4
Nxe4 22. Nxe4 Qb7 23. Nc3 b5 24. d5 exd5 25. cxb5 Bxb5 26. Nxb5 axb5 27. Qd3
Rc4 28. Rcd1 Nf6 29. Bd4 Rxe1 30. Rxe1 Ne4 31. Qe3 Rc7 32. Qd3 Qa8 33. Qxb5
Qxa3 34. Qxd5 Nd2 35. Qa5 Qxa5 36. bxa5 Nxf1 37. Kxf1 Rc4 38. Bb2 Rb4 39. Bc3
Rc4 40. Rc1 d5 41. a6 Bc5 42. Bd2 1-0

[Event "Vlaardingen op act"]
[Site "Vlaardingen"]
[Date "2005.09.??"]
[Round "7"]
[White "Van Wely, Loek"]
[Black "Chuchelov, Vladimir"]
[Result "1-0"]
[WhiteElo "2655"]
[BlackElo "2562"]
[PlyCount "76"]
[EventDate "2005.09.??"]
[EventType "swiss (rapid)"]
[EventRounds "9"]
[EventCountry "NED"]
[Source "ChessBase"]
[SourceDate "2005.11.04"]

1. d4 Nf6 2. c4 e6 3. Nc3 Bb4 4. e3 O-O 5. Nge2 d5 6. a3 Be7 7. cxd5 exd5 8. b4
c6 9. Bb2 Nbd7 10. Ng3 Re8 11. Bd3 a5 12. b5 c5 13. O-O cxd4 14. exd4 Nb6 15.
Nf5 Bf8 16. Ne3 Be6 17. Qf3 Rc8 18. Rfc1 g6 19. Rc2 Bg7 20. Rac1 Qd7 21. h3 a4
22. Ne2 Rxc2 23. Rxc2 Rc8 24. Rxc8+ Qxc8 25. Nf4 Qc7 26. g4 Qd6 27. g5 Ne8 28.
Ng4 Bxg4 29. Qxg4 Nc7 30. h4 Ne6 31. Nxe6 Qxe6 32. Qf4 Bf8 33. Kg2 Bd6 34. Qf3
Qe7 35. Bc2 Nc4 36. Bc3 Qe6 37. Bxa4 Bxa3 38. Bb3 Bf8 1-0

[Event "POL-chT"]
[Site "Lubniewice"]
[Date "2005.09.03"]
[Round "1"]
[White "Kveinys, Aloyzas"]
[Black "Fedorchuk, Sergey A"]
[Result "1/2-1/2"]
[WhiteElo "2510"]
[BlackElo "2571"]
[PlyCount "151"]
[EventDate "2005.09.03"]
[EventType "team"]
[EventRounds "9"]
[EventCountry "POL"]
[Source "ChessBase"]
[SourceDate "2005.11.04"]

1. d4 Nf6 2. c4 e6 3. Nc3 Bb4 4. e3 b6 5. Nge2 Ba6 6. a3 Bxc3+ 7. Nxc3 d5 8.
Be2 Bxc4 9. Bxc4 dxc4 10. Qa4+ Qd7 11. Qxc4 Qc6 12. Qxc6+ Nxc6 13. b4 O-O-O 14.
Bb2 e5 15. Rc1 Kb7 16. b5 Na5 17. dxe5 Ng4 18. Ne2 Rhe8 19. e6 Rxe6 20. Nd4 Rg6
21. O-O Ne5 22. Rc2 Rd7 23. h3 Nec4 24. Bc1 Rg5 25. a4 Rc5 26. g4 a6 27. Kh2
axb5 28. axb5 Nd6 29. Rb2 Nac4 30. Rb4 Rd8 31. Bb2 Ra8 32. Nb3 Rxb5 33. Rxb5
Nxb5 34. Bxg7 c5 35. Rc1 Ra4 36. Kg3 Kc6 37. Kh4 Nbd6 38. Kh5 b5 39. Kh6 Ra3
40. Rb1 Ra2 41. Rf1 Ne4 42. Bf8 Rb2 43. Nc1 Ncd2 44. Re1 Nf3 45. Rd1 c4 46. h4
b4 47. h5 b3 48. Kxh7 Rb1 49. Ba3 c3 50. Kg7 b2 51. h6 Nfg5 52. f4 Ra1 53. Ne2
Rxd1 54. Nxc3 Nxc3 55. Bxb2 Ne6+ 56. Kxf7 Nd8+ 57. Kg8 Nd5 58. h7 Ne7+ 59. Kg7
Ne6+ 60. Kf7 Rh1 61. Kxe7 Nxf4 62. exf4 Rxh7+ 63. Kf6 Rh4 64. Kg5 Rh2 65. Be5
Rg2 66. Kf5 Kd7 67. g5 Ke7 68. g6 Kf8 69. Kf6 Kg8 70. f5 Rg1 71. Ke7 Re1 72.
Kd6 Rg1 73. Ke6 Rg2 74. Kd5 Rg1 75. Bd4 Rg4 76. Be5 1/2-1/2

[Event "Wch U20"]
[Site "Instanbul"]
[Date "2005.11.22"]
[Round "13"]
[White "Berkes, Ferenc"]
[Black "Nyback, Tomi"]
[Result "1-0"]
[WhiteElo "2596"]
[BlackElo "2563"]
[PlyCount "103"]
[EventDate "2005.11.09"]
[EventType "swiss"]
[EventRounds "13"]
[EventCountry "TUR"]
[Source "ChessBase"]
[SourceDate "2006.01.03"]

1. d4 Nf6 2. c4 e6 3. Nc3 Bb4 4. e3 O-O 5. Bd3 c5 6. Nf3 d5 7. O-O dxc4 8. Bxc4
Nbd7 9. Qb3 a6 10. a4 Qe7 11. Rd1 Rb8 12. a5 b5 13. axb6 Nxb6 14. Na2 Nxc4 15.
Qxc4 cxd4 16. Nxd4 Qc5 17. b3 Qxc4 18. bxc4 Bc5 19. Nc3 Bb7 20. Na4 Rfc8 21.
Nxc5 Rxc5 22. Ba3 Rxc4 23. Rab1 Ne8 24. Rb3 Rc7 25. Rdb1 e5 26. Nf3 Rd8 27.
Nxe5 f6 28. Nf3 Be4 29. Ra1 Rb7 30. Nd4 Nc7 31. f3 Rxb3 32. Nxb3 Bb7 33. e4 Ne6
34. Na5 Ba8 35. Rb1 Nc7 36. Rb6 Kf7 37. Bd6 Nb5 38. Bg3 Nd4 39. Rxa6 Ne2+ 40.
Kf2 Nxg3 41. hxg3 Rc8 42. g4 Kg8 43. Ke3 h6 44. Kd4 Kf8 45. Ke3 Kg8 46. Kf4 Kf7
47. Ra7+ Kg6 48. Nb3 Rd8 49. Nc5 Re8 50. Rc7 Kh7 51. Kg3 Kg6 52. Nd3 1-0

[Event "Las Palmas op"]
[Site "Las Palmas"]
[Date "2005.11.28"]
[Round "5.1"]
[White "Peralta, Fernando"]
[Black "Kurajica, Bojan"]
[Result "1/2-1/2"]
[WhiteElo "2535"]
[BlackElo "2532"]
[PlyCount "165"]
[EventDate "2005.11.25"]
[EventType "swiss"]
[EventRounds "9"]
[EventCountry "ESP"]
[Source "ChessBase"]
[SourceDate "2006.01.03"]

1. d4 Nf6 2. c4 e6 3. Nc3 Bb4 4. e3 O-O 5. Bd3 d5 6. Nf3 c5 7. O-O Nc6 8. a3
Bxc3 9. bxc3 Qc7 10. cxd5 exd5 11. a4 Re8 12. Ba3 Bg4 13. Bxc5 Ne4 14. Bb4 Re6
15. h3 Bh5 16. Rc1 Rc8 17. Be2 Nxb4 18. cxb4 Nc3 19. Qd2 Rc6 20. Ra1 Nxe2+ 21.
Qxe2 Rc2 22. Qd1 f6 23. g4 Bg6 24. Nh4 Be4 25. Nf3 Rb2 26. Nh4 Rc2 27. Nf3 Qc3
28. Nh4 g6 29. b5 Kg7 30. Qe1 Qc7 31. Qd1 Qd6 32. Nf3 Qb4 33. g5 Qe7 34. Ne1
R2c3 35. Qg4 fxg5 36. Nf3 Bxf3 37. Qxf3 Qe6 38. Qg3 Qf5 39. Ra2 Rc1 40. Ra1
R1c2 41. a5 h5 42. b6 a6 43. Kg2 R8c6 44. Qf3 Kf6 45. Qg3 Kg7 46. Qf3 Qd7 47.
Qg3 Qe7 48. Rad1 Re6 49. Rc1 Rxe3 50. Qc7 Qxc7 51. bxc7 Rec3 52. Rxc2 Rxc2 53.
Re1 Rxc7 54. Re5 Kf6 55. Rxd5 Rc3 56. Rd6+ Kf5 57. Rb6 Ra3 58. Rxb7 Rxa5 59.
Rb6 Ke4 60. Rxg6 Kxd4 61. Rd6+ Ke5 62. Rg6 Kf5 63. Rc6 Ra4 64. Rc5+ Kf4 65. Rc6
h4 66. Rf6+ Ke4 67. Rd6 Ra1 68. Rg6 Kf5 69. Rc6 a5 70. Rc5+ Kg6 71. Rd5 a4 72.
Rd4 a3 73. Rd3 Kf5 74. Re3 g4 75. hxg4+ Kxg4 76. Re4+ Kg5 77. Re5+ Kf4 78. Re3
a2 79. Ra3 h3+ 80. Kh2 Ke4 81. Ra8 Kf3 82. Ra7 Kxf2 83. Ra8 1/2-1/2

[Event "EU-Cup 21st"]
[Site "Saint Vincent"]
[Date "2005.09.20"]
[Round "3"]
[White "Winants, Luc"]
[Black "Gyimesi, Zoltan"]
[Result "1/2-1/2"]
[WhiteElo "2543"]
[BlackElo "2628"]
[PlyCount "154"]
[EventDate "2005.09.18"]
[EventType "team"]
[EventRounds "7"]
[EventCountry "ITA"]
[Source "ChessBase"]
[SourceDate "2006.01.31"]

1. d4 Nf6 2. c4 e6 3. Nc3 Bb4 4. e3 c5 5. Nge2 b6 6. a3 Ba5 7. Rb1 Na6 8. Ng3
Bb7 9. Bd3 h5 10. d5 exd5 11. Nf5 Qb8 12. O-O Bxc3 13. bxc3 g6 14. cxd5 gxf5
15. c4 Qd6 16. Bxf5 O-O-O 17. e4 Ng4 18. f4 f6 19. Rb3 Nc7 20. Bb2 Ba6 21. Qd3
Rde8 22. a4 Rhg8 23. a5 b5 24. cxb5 Bxb5 25. Rxb5 Qa6 26. Rb3 c4 27. Qc3 cxb3
28. Rc1 Qd6 29. e5 Nxe5 30. fxe5 Rxe5 31. Ba3 Re1+ 32. Rxe1 Qxa3 33. Rc1 Qd6
34. Qxb3 Re8 35. Bg6 Re5 36. Rb1 Qc5+ 37. Kh1 Qb5 38. Qxb5 Nxb5 39. h4 Rxd5 40.
Rf1 Nd4 41. Rd1 Kd8 42. Bf7 Rd6 43. Bxh5 Nf5 44. Rxd6 Nxd6 45. Bg6 Nb7 46. h5
Ke7 47. Bf5 Nxa5 48. Bxd7 Nb7 49. Bf5 a5 50. g4 Nd6 51. Bc2 Nc4 52. h6 Kf8 53.
Bb3 Ne5 54. Be6 Nf7 55. h7 Nh8 56. Kg2 Kg7 57. Kg3 a4 58. Ba2 Ng6 59. Kf3 Kxh7
60. Ke4 Ne7 61. Kf4 Kh6 62. Bc4 Nc8 63. Ba2 Nd6 64. Bd5 a3 65. Ba2 Kg6 66. Bb1+
Kg7 67. Ba2 Kg6 68. Bb1+ Kf7 69. Ba2+ Ke7 70. g5 fxg5+ 71. Kxg5 Ne4+ 72. Kf4
Nc3 73. Bb3 Kd6 74. Ke3 Kc5 75. Kd3 Kb4 76. Bf7 a2 77. Bxa2 Nxa2 1/2-1/2

[Event "Bundesliga 0506"]
[Site "Germany"]
[Date "2005.11.12"]
[Round "3.1"]
[White "Sargissian, Gabriel"]
[Black "Lutz, Christopher"]
[Result "1/2-1/2"]
[WhiteElo "2610"]
[BlackElo "2609"]
[PlyCount "115"]
[EventDate "2005.10.21"]
[EventType "team"]
[EventRounds "15"]
[EventCountry "GER"]
[Source "ChessBase"]
[SourceDate "2006.01.31"]
[WhiteTeam "Wattenscheid"]
[BlackTeam "Porz"]
[WhiteTeamCountry "GER"]
[BlackTeamCountry "GER"]

1. d4 Nf6 2. c4 e6 3. Nc3 Bb4 4. e3 O-O 5. Nge2 d5 6. a3 Be7 7. cxd5 exd5 8. b4
b6 9. g3 c6 10. Bg2 b5 11. Bd2 a5 12. Na2 axb4 13. Nxb4 Bb7 14. Qc2 Qd6 15. O-O
Nbd7 16. Nd3 Nb6 17. Bb4 Qc7 18. Nc3 Nc4 19. Nc5 Rfe8 20. a4 bxa4 21. N3xa4 Ba6
22. Rfb1 Bxc5 23. Nxc5 Bb5 24. e4 dxe4 25. Nxe4 Nd5 26. Bc5 h6 27. Nc3 Rxa1 28.
Rxa1 Nxc3 29. Qxc3 Qd7 30. Re1 Rxe1+ 31. Qxe1 Qe6 32. Qxe6 fxe6 33. f4 Ne3 34.
Bf3 Kf7 35. Kf2 Nd5 36. Bh5+ g6 37. Bd1 h5 38. Bc2 Bc4 39. Bd6 Nf6 40. Be5 Ng4+
41. Ke1 Ne3 42. Bb1 Bb3 43. Be4 Bd5 44. Bb1 Bb3 45. Kf2 Ng4+ 46. Kg2 Bc2 47.
Ba2 Be4+ 48. Kg1 Ne3 49. Bb3 Bc2 50. Ba2 Be4 51. h3 Bf5 52. Kf2 Nd1+ 53. Kg2
Be4+ 54. Kg1 Ne3 55. Kf2 Nd1+ 56. Kg1 Ne3 57. Bb3 Bc2 58. Ba2 1/2-1/2

[Event "Bundesliga 0506"]
[Site "Germany"]
[Date "2005.11.11"]
[Round "7.6"]
[White "Fish, Gennadij"]
[Black "Rogozenko, Dorian"]
[Result "1/2-1/2"]
[WhiteElo "2550"]
[BlackElo "2526"]
[PlyCount "42"]
[EventDate "2005.10.21"]
[EventType "team"]
[EventRounds "15"]
[EventCountry "GER"]
[Source "ChessBase"]
[SourceDate "2006.01.31"]
[WhiteTeam "Werder Bremen"]
[BlackTeam "Hamburger SK"]
[WhiteTeamCountry "GER"]
[BlackTeamCountry "GER"]

1. d4 Nf6 2. c4 e6 3. Nc3 Bb4 4. e3 O-O 5. Bd3 d5 6. Nge2 Re8 7. O-O b6 8. a3
Bf8 9. e4 dxe4 10. Nxe4 Nbd7 11. Bg5 Bb7 12. Qc2 h6 13. Nxf6+ Nxf6 14. Bh4 Be7
15. Rad1 Qd7 16. Rfe1 Rad8 17. b4 a5 18. Qb2 axb4 19. axb4 Nh5 20. Bxe7 Qxe7
21. f3 Qg5 1/2-1/2

[Event "Dresden Porzellan Cup"]
[Site "Dresden"]
[Date "2006.01.??"]
[Round "8"]
[White "Graf, Alexander"]
[Black "Bologan, Viktor"]
[Result "1/2-1/2"]
[WhiteElo "2604"]
[BlackElo "2661"]
[PlyCount "92"]
[EventDate "2006.01.??"]
[EventType "swiss"]
[EventRounds "9"]
[EventCountry "GER"]
[Source "ChessBase"]
[SourceDate "2006.03.10"]

1. d4 Nf6 2. c4 e6 3. Nc3 Bb4 4. e3 c5 5. Bd3 O-O 6. Nf3 d5 7. O-O cxd4 8. exd4
dxc4 9. Bxc4 b6 10. Re1 Bb7 11. Bd3 Nbd7 12. a3 Bxc3 13. bxc3 Qc7 14. c4 Rac8
15. h3 Rfe8 16. Bb2 Qf4 17. Re3 h6 18. a4 Qc7 19. a5 bxa5 20. Nd2 Bc6 21. Bc3
a4 22. Bc2 Rb8 23. Bxa4 Bxa4 24. Qxa4 Nb6 25. Qxa7 Qxa7 26. Rxa7 Rec8 27. d5
exd5 28. Bxf6 gxf6 29. Rg3+ Kf8 30. cxd5 Nxd5 31. Ne4 Ra8 32. Rxa8 Rxa8 33. Rd3
Ra5 34. Kh2 f5 35. Ng3 f4 36. Nf5 h5 37. Rb3 Ra8 38. Rb7 Rd8 39. g3 fxg3+ 40.
Kxg3 Nf6 41. f3 Ne8 42. Rb5 Ng7 43. Ne3 Rd4 44. h4 Rd3 45. Ng2 Nf5+ 46. Kf4
Rxf3+ 1/2-1/2

[Event "Bundesliga 0506"]
[Site "Germany"]
[Date "2005.12.09"]
[Round "7.1"]
[White "Sargissian, Gabriel"]
[Black "Jussupow, Artur"]
[Result "1/2-1/2"]
[WhiteElo "2610"]
[BlackElo "2595"]
[PlyCount "83"]
[EventDate "2005.10.21"]
[EventType "team"]
[EventRounds "15"]
[EventCountry "GER"]
[Source "ChessBase"]
[SourceDate "2006.04.04"]
[WhiteTeam "Wattenscheid"]
[BlackTeam "Solingen"]
[WhiteTeamCountry "GER"]
[BlackTeamCountry "GER"]

1. d4 Nf6 2. c4 e6 3. Nc3 Bb4 4. e3 c5 5. Nge2 b6 6. a3 Ba5 7. g3 Bb7 8. d5 Ne4
9. Bg2 Bxc3+ 10. Nxc3 Nxc3 11. bxc3 e5 12. O-O d6 13. e4 Nd7 14. f4 Qe7 15. a4
h6 16. Qd3 O-O 17. Bd2 Nf6 18. Bf3 Bc8 19. f5 Bd7 20. g4 Nh7 21. Kg2 Rab8 22.
Kg3 a6 23. h4 f6 24. Rfb1 Rb7 25. Rb2 Rfb8 26. Qc2 Be8 27. Be3 b5 28. axb5 axb5
29. cxb5 Bxb5 30. Rab1 Be8 31. Rxb7 Rxb7 32. Rxb7 Qxb7 33. Qa2 Nf8 34. Be2 Nd7
35. Qa5 Qb6 36. Qxb6 Nxb6 37. g5 hxg5 38. hxg5 fxg5 39. Bxg5 Kf8 40. Bd8 Nd7
41. Kh4 Nf6 42. Bf3 1/2-1/2

[Event "Salona 13th"]
[Site "Solin"]
[Date "2005.12.09"]
[Round "1"]
[White "Lugovoi, Aleksei"]
[Black "Kurajica, Bojan"]
[Result "1/2-1/2"]
[WhiteElo "2547"]
[BlackElo "2533"]
[PlyCount "51"]
[EventDate "2005.12.09"]
[EventType "tourn"]
[EventRounds "11"]
[EventCountry "CRO"]
[EventCategory "11"]
[Source "ChessBase"]
[SourceDate "2006.04.04"]

1. d4 Nf6 2. c4 e6 3. Nc3 Bb4 4. e3 O-O 5. Bd3 d5 6. Nf3 c5 7. O-O Nc6 8. a3
Bxc3 9. bxc3 Qc7 10. Bb2 Na5 11. cxd5 exd5 12. Ne5 c4 13. Bc2 Ne4 14. f3 Nd6
15. Qb1 g6 16. a4 f6 17. Ng4 Bxg4 18. fxg4 Kg7 19. Ba3 Rfe8 20. Bxd6 Qxd6 21.
Qb5 b6 22. Rae1 Re7 23. e4 dxe4 24. Rxe4 Rxe4 25. Bxe4 Rf8 26. Qd5 1/2-1/2

[Event "FRA-chT Top 16 GpB"]
[Site "Gonfreville"]
[Date "2006.04.01"]
[Round "6"]
[White "Vaisser, Anatoli"]
[Black "Fontaine, Robert"]
[Result "1-0"]
[WhiteElo "2573"]
[BlackElo "2524"]
[PlyCount "127"]
[EventDate "2006.03.03"]
[EventType "team"]
[EventRounds "11"]
[EventCountry "FRA"]
[Source "ChessBase"]
[SourceDate "2006.05.09"]

1. d4 Nf6 2. c4 e6 3. Nc3 Bb4 4. e3 O-O 5. Bd3 d5 6. Nf3 c5 7. O-O dxc4 8. Bxc4
Nbd7 9. Qb3 Qe7 10. Rd1 a6 11. a4 e5 12. d5 Qd6 13. Nd2 Bxc3 14. bxc3 e4 15.
Be2 Ne5 16. h3 Bf5 17. c4 Nfd7 18. Nf1 Bg6 19. a5 h5 20. Ra3 h4 21. Rd2 Rab8
22. Rb2 Bf5 23. Qd1 Qg6 24. Kh1 Nf3 25. Bxf3 exf3 26. Qxf3 Ne5 27. Qf4 Nd3 28.
Rxd3 Bxd3 29. Nd2 b5 30. axb6 Rxb6 31. e4 Re8 32. Qe3 Rxb2 33. Bxb2 Qb6 34. Bc3
Bc2 35. e5 Bg6 36. Qg5 Qd8 37. Qg4 a5 38. f4 Bc2 39. e6 g6 40. Qe2 Bf5 41. Ne4
Bxe4 42. Qxe4 Qc7 43. f5 Qg3 44. Be1 Qd6 45. Qxh4 fxe6 46. fxe6 Qe5 47. Bg3 Qf5
48. Qh6 a4 49. Be5 Qxe5 50. Qxg6+ Kh8 51. Qh6+ Kg8 52. Qg6+ Kh8 53. Qxe8+ Kh7
54. Qe7+ Kg6 55. Qf7+ Kh6 56. Qf2 Qa1+ 57. Kh2 Qe5+ 58. g3 a3 59. d6 Qxd6 60.
Qe3+ Kh7 61. e7 a2 62. e8=Q a1=Q 63. Q3e4+ Kh6 64. Qh4+ 1-0